[Event "Lovfalds 15th F"]
[Site "Ringsted"]
[Date "2001.09.16"]
[Round "4"]
[White "Nielsen, Poul"]
[Black "Jensen, Jan Erik"]
[Result "0-1"]
[WhiteElo "1026"]
[BlackElo "1249"]
[PlyCount "96"]
[EventDate "2001.09.14"]
[EventType "swiss"]
[EventRounds "5"]
[EventCountry "DEN"]
[SourceTitle "EXT 2023"]
[Source "ChessBase"]
[SourceDate "2022.10.05"]
[SourceVersion "1"]
[SourceVersionDate "2022.10.05"]
[SourceQuality "1"]

1. d4 d5 2. Nc3 Nc6 3. Bf4 Bf5 4. a3 a6 5. Nf3 e6 6. g3 Nf6 7. Bg2 h6 8. 0-0 Ne4 9. Nd2 Nxc3 10. bxc3 Na7 11. c4 dxc4 12. Nxc4 Nc6 13. c3 Qd7 14. e4 Bg6 15. Re1 Be7 16. Bh3 Na7 17. d5 Qb5 18. Bf1 0-0 19. dxe6 fxe6 20. Ne5 Qe8 21. Qb3 Bf6 22. Nxg6 Qxg6 23. Qxe6+ Kh8 24. e5 Rae8 25. Qd7 Rd8 26. Qxc7 Rf7 27. Qc5 Bxe5 28. Rxe5 Nc6 29. Bg2 Nxe5 30. Qxe5 Rdf8 31. Rd1 Qc2 32. Qd4 Qb2 33. Bd5 Rd7 34. Bc1 Qc2 35. Be3 Rfd8 36. Bxh6 Qg6 37. Qh4 Qxh6 38. Qxh6+ gxh6 39. c4 b5 40. a4 bxc4 41. Rc1 Rxd5 42. Rxc4 Rd4 43. Rc6 R8d6 44. Rc8+ Kg7 45. Rc7+ Kg6 46. h4 Rxa4 47. Kg2 Ra2 48. Rc3 Rf6 0-1

[Event "Lovsprings op 11th D"]
[Site "Ringsted"]
[Date "2000.04.07"]
[Round "3"]
[White "Janbazi, Farzad"]
[Black "Nielsen, Poul"]
[Result "0-1"]
[WhiteElo "1039"]
[BlackElo "1085"]
[PlyCount "76"]
[EventDate "2000.03.24"]
[EventType "swiss"]
[EventRounds "7"]
[EventCountry "DEN"]
[SourceTitle "EXT 2023"]
[Source "ChessBase"]
[SourceDate "2022.10.05"]
[SourceVersion "1"]
[SourceVersionDate "2022.10.05"]
[SourceQuality "1"]

1. d4 d5 2. c4 c6 3. Nc3 e6 4. e3 Nf6 5. c5 b6 6. b4 Bd7 7. Nf3 b5 8. Bd3 a5 9. bxa5 Qxa5 10. Bd2 Qa3 11. 0-0 b4 12. Qc2 bxc3 13. Qxc3 Qxc3 14. Bxc3 Ra3 15. Bb4 Rxd3 16. Ne1 Rxd4 17. exd4 Na6 18. a3 g6 19. Nf3 Bg7 20. Bc3 0-0 21. Ne5 Nb8 22. a4 Ne4 23. Ba5 Bxe5 24. dxe5 Na6 25. f3 Nexc5 26. Rab1 Nxa4 27. Bb4 c5 28. Bd2 c4 29. Rfc1 Rc8 30. Ra1 N4c5 31. Ra3 Nd3 32. Rc2 Nxe5 33. Bc3 Nd3 34. Bd4 Rb8 35. h4 e5 36. Rxd3 cxd3 37. Rc7 exd4 38. Rxd7 d2 0-1

[Event "Lovsprings op 10th D"]
[Site "Ringsted"]
[Date "1998.03.27"]
[Round "3"]
[White "Dinesen, Henrik"]
[Black "Nielsen, Poul"]
[Result "1-0"]
[WhiteElo "1117"]
[BlackElo "1175"]
[PlyCount "55"]
[EventDate "1998.03.13"]
[EventType "swiss"]
[EventRounds "7"]
[EventCountry "DEN"]
[SourceTitle "EXT 2023"]
[Source "ChessBase"]
[SourceDate "2022.10.05"]
[SourceVersion "1"]
[SourceVersionDate "2022.10.05"]
[SourceQuality "1"]

1. d4 d5 2. c4 c6 3. e3 Nf6 4. Nc3 Bf5 5. Nf3 Qc7 6. cxd5 cxd5 7. Bd2 a6 8. Rc1 Qd8 9. Qa4+ Bd7 10. Qc2 Nc6 11. a3 e6 12. Bd3 Bd6 13. 0-0 Qb8 14. h3 h6 15. e4 e5 16. exd5 Nxd4 17. Nxd4 exd4 18. Rfe1+ Kd8 19. Ne4 Nxe4 20. Bxe4 Re8 21. Bf5 Bxf5 22. Qxf5 Rxe1+ 23. Bxe1 Ke7 24. Qe4+ Be5 25. f4 f6 26. fxe5 fxe5 27. Bb4+ Kf7 28. Rf1+ 1-0